Social Commerce Marketing, Technology and Management /

This is a multidisciplinary textbook on social commerce by leading authors of e-commerce and e-marketing textbooks, with contributions by several industry experts. It is effectively the first true textbook on this topic and can be used in one of the following ways: Textbook for a standalone elective...

Πλήρης περιγραφή

Λεπτομέρειες βιβλιογραφικής εγγραφής
Κύριοι συγγραφείς: Turban, Efraim (Συγγραφέας), Strauss, Judy (Συγγραφέας), Lai, Linda (Συγγραφέας)
Συγγραφή απο Οργανισμό/Αρχή: SpringerLink (Online service)
Μορφή: Ηλεκτρονική πηγή Ηλ. βιβλίο
Γλώσσα:English
Έκδοση: Cham : Springer International Publishing : Imprint: Springer, 2016.
Έκδοση:1st ed. 2016.
Σειρά:Springer Texts in Business and Economics,
Θέματα:
Διαθέσιμο Online:Full Text via HEAL-Link
LEADER 03990nam a22005775i 4500
001 978-3-319-17028-2
003 DE-He213
005 20151117153348.0
007 cr nn 008mamaa
008 151117s2016 gw | s |||| 0|eng d
020 |a 9783319170282  |9 978-3-319-17028-2 
024 7 |a 10.1007/978-3-319-17028-2  |2 doi 
040 |d GrThAP 
050 4 |a HF54.5-54.56 
072 7 |a KJQ  |2 bicssc 
072 7 |a UF  |2 bicssc 
072 7 |a BUS083000  |2 bisacsh 
072 7 |a COM039000  |2 bisacsh 
082 0 4 |a 650  |2 23 
082 0 4 |a 658.05  |2 23 
100 1 |a Turban, Efraim.  |e author. 
245 1 0 |a Social Commerce  |h [electronic resource] :  |b Marketing, Technology and Management /  |c by Efraim Turban, Judy Strauss, Linda Lai. 
250 |a 1st ed. 2016. 
264 1 |a Cham :  |b Springer International Publishing :  |b Imprint: Springer,  |c 2016. 
300 |a XXI, 320 p. 52 illus.  |b online resource. 
336 |a text  |b txt  |2 rdacontent 
337 |a computer  |b c  |2 rdamedia 
338 |a online resource  |b cr  |2 rdacarrier 
347 |a text file  |b PDF  |2 rda 
490 1 |a Springer Texts in Business and Economics,  |x 2192-4333 
505 0 |a Introduction to Social Commerce -- Tools and Platforms for Social Commerce -- Supporting Theories and Concepts for Social Commerce -- Marketing Communications in Social Media -- Customer Engagement and Metrics -- Social Shopping: Concepts, Benefits, and Models -- Social Customer Service and CRM Contents -- The Social Enterprise: From Recruiting to problem Solving and Collaboration -- Innovative Social Commerce Applications: From Social Government to Entertainment and Gaming -- Strategy and Performance Management in Social Commerce -- Implementing Social Commerce Systems. 
520 |a This is a multidisciplinary textbook on social commerce by leading authors of e-commerce and e-marketing textbooks, with contributions by several industry experts. It is effectively the first true textbook on this topic and can be used in one of the following ways: Textbook for a standalone elective course at the undergraduate or graduate levels (including MBA and executive MBA programs) Supplementary text in marketing, management or Information Systems disciplines Training courses in industry Support resources for researchers and practitioners in the fields of marketing, management, and information management The book examines the latest trends in e-commerce, including social businesses, social networking, social collaboration, innovations, and mobility.  Individual chapters cover tools and platforms for social commerce; supporting theories and concepts; marketing communications; customer engagement and metrics; social shopping; social customer service and CRM contents; the social enterprise; innovative applications; strategy and performance management; and implementing social commerce systems.   Each chapter also includes a real-world example as an opening case; application cases and examples; exhibits; a chapter summary; review questions; and end-of-chapter exercises.  The book also includes a glossary and key terms, as well as supplementary materials that include PowerPoint lecture notes, an Instructor’s Manual, a test bank, and five online tutorials. . 
650 0 |a Business. 
650 0 |a Marketing. 
650 0 |a Operations research. 
650 0 |a Decision making. 
650 0 |a Information technology. 
650 0 |a Business  |x Data processing. 
650 1 4 |a Business and Management. 
650 2 4 |a IT in Business. 
650 2 4 |a Marketing. 
650 2 4 |a Operation Research/Decision Theory. 
700 1 |a Strauss, Judy.  |e author. 
700 1 |a Lai, Linda.  |e author. 
710 2 |a SpringerLink (Online service) 
773 0 |t Springer eBooks 
776 0 8 |i Printed edition:  |z 9783319170275 
830 0 |a Springer Texts in Business and Economics,  |x 2192-4333 
856 4 0 |u http://dx.doi.org/10.1007/978-3-319-17028-2  |z Full Text via HEAL-Link 
912 |a ZDB-2-BUM 
950 |a Business and Management (Springer-41169)